|
|
|
|
| LEADER |
00000nam0a2200000 4500 |
| 001 |
368834 |
| 005 |
20231102012125.0 |
| 035 |
|
|
|a (RuTPU)RU\TPU\retro\26216
|
| 090 |
|
|
|a 368834
|
| 100 |
|
|
|a 20220421d1980 km y0rusy50 ca
|
| 101 |
0 |
|
|a rus
|
| 102 |
|
|
|a RU
|
| 105 |
|
|
|a a z 001zd
|
| 200 |
1 |
|
|a Арам Хачатурян
|e статьи и воспоминания
|f отв.ред. И. Е. Попов
|
| 210 |
|
|
|a Москва
|c Советский композитор
|d 1980
|
| 215 |
|
|
|a 422 с.
|c ил.
|
| 320 |
|
|
|a Указ. имен: с. 410-418
|
| 600 |
|
1 |
|a Хачатурян
|b А. И.
|c российский композитор
|f 1903-1978
|g Арам Ильич
|2 stltpush
|3 (RuTPU)RU\TPU\pers\11078
|9 2453
|
| 606 |
1 |
|
|a Композиторы
|2 stltpush
|3 (RuTPU)RU\TPU\subj\15032
|9 41330
|
| 610 |
1 |
|
|a музыка
|
| 610 |
1 |
|
|a советская музыка
|
| 610 |
1 |
|
|a 20 век
|
| 610 |
1 |
|
|a музыкальная культура
|
| 610 |
1 |
|
|a музыкальная деятельность
|
| 610 |
1 |
|
|a музыкальное творчество
|
| 610 |
1 |
|
|a статьи
|
| 610 |
1 |
|
|a воспоминания
|
| 675 |
|
|
|a 78.071.1
|v 4
|
| 702 |
|
1 |
|a Попов
|b И. Е.
|4 340
|
| 801 |
|
1 |
|a RU
|b 63413507
|c 20220421
|
| 942 |
|
|
|c BK
|